[Event "41st Nezhmetdinov Rapid 2019"]
[Site "Kazan"]
[Date "2019.05.29"]
[Round "3.2"]
[White "Golubov, Saveliy"]
[Black "Morozevich, Alexander"]
[Result "0-1"]
[WhiteElo "2460"]
[BlackElo "2656"]
[Annotator "TA"]
[PlyCount "54"]
[EventDate "2019.05.29"]
[EventType "swiss"]
[EventCountry "RUS"]
[SourceTitle "playchess.com"]
[Source "ChessBase"]
[SourceQuality "1"]

{[%evp 16,54,38,31,33,33,32,32,17,15,31,0,0,0,0,0,3,0,0,-16,0,-75,47,43,16,0,0,-163,-164,-153,-144,-237,-255,-235,-248,-366,-276,-352,-363,-467,-410]} 1. e4 d6 2. d4 Nf6 3. Nc3 Nbd7 4. Nf3 e5 5. Bc4 Be7 6. O-O O-O 7. a4 a5 8. Re1 c6 9. h3 Nb6 {C41: Philidor Defence} 10. Ba2 Nfd7 11. Be3 exd4 {White is slightly better.} 12. Nxd4 {aiming for Nf5.} (12. Bxd4 Nc5 13. Bxc5 dxc5 14. Qe2 Qd6 15. Rad1 Qg6 16. Ne5 Qg5 17. Nf3 Qg6 18. Ne5 Qg5 19. Nf3 Qg6 20. Ne5 Qg5 {½-½ (20) Fressinet,L (2650)-Ponomariov,R (2663) Germany 2019}) 12... Nc5 $1 13. Qf3 Nbxa4 14. Nxa4 Nxa4 15. Bf4 $146 ({Predecessor:} 15. Nf5 Bf6 16. Rad1 Bxf5 17. Qxf5 Nxb2 {0-1 (49) Slovak,K (2285)-Mirzoeva,E (2249) Pardubice 2018}) 15... Bf6 ({But not} 15... Nxb2 $6 16. Qb3 $16) 16. Rad1 Nxb2 17. Rd2 {Threatening Qa3.} Na4 18. Qg3 {[#]} (18. e5 $11 {remains equal.} Qe7 19. exf6 Qxe1+ 20. Kh2) 18... d5 ({Black should play} 18... Bh4 $1 $17 {[%cal Rh4g3]} 19. Qe3 h6) 19. exd5 $14 cxd5 20. Bc7 Qd7 21. c4 $2 {[#]} (21. Bd6 $11 Re8 22. Rxe8+ Qxe8 23. Re2) 21... Nc3 $1 $19 {[%cal Rc3a2][%mdl 512]} 22. Be5 (22. Qxc3 Qxc7) 22... Bxe5 23. Qxe5 (23. Qxc3 $17 {is a better defense.} Qc7 24. Qd3) 23... Nxa2 24. Rxa2 dxc4 25. Re4 (25. Qc5 $142) 25... Ra6 26. Rd2 Qd6 27. Qb5 Qb4 {Accuracy: White = 33%, Black = 56%.} 0-1

[Event "41st Nezhmetdinov Rapid 2019"]
[Site "Kazan"]
[Date "2019.05.29"]
[Round "3.3"]
[White "Chigaev, Maksim"]
[Black "Shariyazdanov, Andrey"]
[Result "1-0"]
[WhiteElo "2637"]
[BlackElo "2526"]
[Annotator "TA"]
[PlyCount "53"]
[EventDate "2019.05.29"]
[EventType "swiss"]
[EventCountry "RUS"]
[SourceTitle "playchess.com"]
[Source "ChessBase"]
[SourceQuality "1"]

{[%evp 13,53,26,35,0,0,7,16,0,29,38,37,32,52,58,51,51,53,52,40,59,37,0,0,0,0,0,0,0,11,11,163,163,152,145,357,352,344,219,217,230,29994,29995]} 1. e4 c5 2. Nf3 Nc6 3. Bb5 g6 4. Bxc6 bxc6 5. O-O Bg7 6. Re1 Nh6 7. c3 O-O 8. h3 {B31: Sicilian: 2...Nc6 3 Bb5 g6} f5 9. e5 Nf7 10. d3 {The position is equal.} d6 {[%cal Rd6e5]} 11. Bf4 Rb8 12. b3 Ba6 $146 ({Predecessor:} 12... Qc7 13. Qe2 Nd8 14. Nbd2 Ne6 15. Qe3 Nxf4 16. Qxf4 {½-½ (49) Inarkiev,E (2702)-Gelfand,B (2729) Nazran 2017}) 13. e6 {[#]} Ne5 $1 {[%mdl 512]} 14. Nxe5 dxe5 15. Bxe5 Bxe5 16. Rxe5 Qd6 17. d4 Rbd8 {Strongly threatening ...Qxe5!} 18. Qe1 cxd4 19. cxd4 Qxd4 20. Nc3 Rd6 21. Rd1 Qf4 $2 (21... Qb4 $11 {and Black is okay.}) 22. Rxd6 $18 exd6 23. Ra5 $36 {[%mdl 2048] White is really pushing.} Bd3 $2 (23... Bc8 $16) 24. Rxa7 Re8 25. Nd5 cxd5 26. Qc3 {[%csl Ga7][%cal Rc3g7]} Qe5 $2 {[#]} (26... Qh6 $18 27. a4 (27. Qxd3 Qc1+ 28. Kh2 Qc5 $16) 27... g5) 27. Qc7 $1 {[%mdl 512] Accuracy: White = 50%, Black = 36%.} 1-0

[Event "41st Nezhmetdinov Rapid 2019"]
[Site "Kazan"]
[Date "2019.05.29"]
[Round "3.4"]
[White "Anikonov, Dmitry"]
[Black "Timofeev, Artyom"]
[Result "0-1"]
[WhiteElo "2372"]
[BlackElo "2602"]
[Annotator "TA"]
[PlyCount "68"]
[EventDate "2019.05.29"]
[EventType "swiss"]
[EventCountry "RUS"]
[SourceTitle "playchess.com"]
[Source "ChessBase"]
[SourceQuality "1"]

{[%evp 15,68,20,32,31,52,30,41,25,65,20,33,14,33,6,7,0,0,0,-7,-15,-20,-34,0,-10,-1,-128,-126,-140,-140,-156,-148,-175,-153,-168,-168,-282,-162,-301,-202,-280,-235,-251,-238,-406,-296,-662,-593,-1107,-1054,-2552,-2433,-2080,-1884,-29980,-11041]} 1. d4 d5 2. c4 e6 3. Nc3 a6 4. cxd5 exd5 5. Nf3 Nf6 6. Bg5 Be7 7. e3 O-O 8. Bd3 Nbd7 9. O-O {D53: Queen's Gambit Declined: 4 Bg5 Be7: Early deviations} b5 (9... Re8 10. h3 c6 11. Qc2 Nf8 12. Rae1 g6 13. Ne5 Nh5 14. Bxe7 Qxe7 15. Qd2 f6 16. Ng4 f5 {1-0 (30) Tkachiev,V (2626)-Maze,S (2571) Mulhouse 2011}) 10. Ne5 Bb7 11. f4 {White is slightly better.} c5 $146 ({Predecessor:} 11... Ne4 12. Bxe4 dxe4 13. Bxe7 Qxe7 14. Nxd7 Qxd7 15. Qc2 f5 16. Ne2 Bd5 {½-½ (67) Vidmar,M-Sjoberg,V Gothenburg 1909}) 12. Rc1 c4 13. Bb1 Ne4 14. Bxe7 Qxe7 15. Nxe4 dxe4 16. Nxd7 Qxd7 17. f5 f6 18. Rf4 Rae8 19. b3 Bd5 20. b4 (20. bxc4 $11 bxc4 21. a3) 20... Qd6 21. a3 {[#]} a5 $1 {[%mdl 512]} 22. Qd2 (22. bxa5 Qxa3) 22... Rf7 23. g4 axb4 24. axb4 Ra7 25. h4 (25. Qe1 $142) 25... Qe7 (25... Ra4 $142 26. Bc2 Qxb4 27. Qxb4 Rxb4) 26. Rcf1 (26. Qe1 $142) 26... Ra1 27. Kh2 Rea8 {[%cal Be8a8,Ba8a3,Ba3e3][%mdl 32]} 28. Kh3 R8a3 {...c3 is the strong threat.} 29. Qf2 $2 (29. Rc1) 29... c3 $19 {White must now prevent ...c2.} 30. g5 $2 (30. Bc2) 30... fxg5 31. Rg4 c2 32. Bxc2 Rxf1 {[%mdl 64] [#] Overworked Piece} 33. Qxf1 Rxe3+ 34. Kh2 Qc7+ {[%mdl 64] Double Attack. Accuracy: White = 22%, Black = 67%.} 0-1

[Event "41st Nezhmetdinov Rapid 2019"]
[Site "Kazan"]
[Date "2019.05.29"]
[Round "3.5"]
[White "Makhmutov, Rail"]
[Black "Sarana, Alexey"]
[Result "0-1"]
[WhiteElo "2390"]
[BlackElo "2636"]
[Annotator "RC"]
[PlyCount "145"]
[EventDate "2019.05.29"]
[EventType "swiss"]
[EventCountry "RUS"]
[SourceTitle "playchess.com"]
[Source "ChessBase"]
[SourceQuality "1"]
[TimeControl "900+10"]

1. d4 {[%emt 0:00:00]} Nf6 {[%emt 0:00:00]} 2. c4 {[%emt 0:00:00]} g6 {[%emt 0:00:00]} 3. g3 {[%emt 0:00:33]} c6 {[%emt 0:00:00]} 4. Bg2 {[%emt 0:00:07]} d5 {[%emt 0:00:00]} 5. cxd5 {[%emt 0:00:48]} cxd5 {[%emt 0:00:00]} 6. Nf3 {[%emt 0:00:04]} Bg7 {[%emt 0:00:02]} 7. Ne5 {[%emt 0:00:27]} O-O {[%emt 0:00:36]} 8. Nc3 {[%emt 0:00:25]} e6 {[%emt 0:00:21]} 9. O-O {[%emt 0:00:23]} Nfd7 {[%emt 0:00:04]} 10. Nf3 {[%emt 0:00:25]} Nf6 {[%emt 0:00:03]} 11. Ne5 {[%emt 0:00:06]} Nfd7 {[%emt 0:00:02]} 12. Nf3 {[%emt 0:00:03]} Nc6 {[%emt 0:00:04]} 13. Bf4 {[%emt 0:00:43]} Qb6 {[%emt 0:00:32]} 14. Na4 {[%emt 0:00:58]} Qb5 {[%emt 0:00:26]} 15. b3 {[%emt 0:00:53]} Nb6 {[%emt 0:00:45]} 16. Nxb6 {[%emt 0:01:05]} Qxb6 {[%emt 0:00:14]} 17. e3 {[%emt 0:00:48]} Bd7 {[%emt 0:00:04]} 18. Rc1 {[%emt 0:00:52]} Rfc8 {[%emt 0:00:15]} 19. Qd2 {[%emt 0:00:27]} Bf8 {[%emt 0:00:21]} 20. Ne5 {[%emt 0:01:07]} Nxe5 {[%emt 0:00:10]} 21. Bxe5 {[%emt 0:00:08]} Bb4 {[%emt 0:02:30]} 22. Qb2 {[%emt 0:01:05]} Qa5 {[%emt 0:00:57]} 23. Rxc8+ {[%emt 0:01:07]} Rxc8 {[%emt 0:00:02]} 24. a4 {[%emt 0:00:04]} Qd8 {[%emt 0:05:01]} 25. Rc1 {[%emt 0:01:57]} Bc6 {[%emt 0:01:37]} 26. g4 {[%emt 0:00:46]} f6 {[%emt 0:00:04]} 27. Bg3 {[%emt 0:00:02]} Qb6 {[%emt 0:00:05]} 28. e4 {[%emt 0:01:22]} Rd8 {[%emt 0:01:35]} 29. e5 {[%emt 0:00:26]} Be7 {[%emt 0:00:37]} 30. Qe2 {[%emt 0:01:05]} f5 {[%emt 0:01:40]} 31. gxf5 {[%emt 0:00:22]} gxf5 {[%emt 0:00:02]} 32. Qe3 {[%emt 0:00:12]} Rf8 {[%emt 0:00:46]} 33. Bf4 {[%emt 0:00:36]} Kh8 {[%emt 0:00:03]} 34. Bg5 {[%emt 0:00:34]} Qd8 {[%emt 0:00:40]} 35. Bxe7 {[%emt 0:00:03]} Qxe7 {[%emt 0:00:01]} 36. f4 {[%emt 0:00:19]} Qa3 {[%emt 0:00:07]} 37. Rc3 {[%emt 0:00:18]} Rg8 {[%emt 0:00:08]} 38. Qc1 {[%emt 0:00:15]} Qb4 {[%emt 0:00:30]} 39. Qe3 {[%emt 0:00:20]} Bxa4 {[%emt 0:00:13]} 40. bxa4 {[%emt 0:00:09]} Qb2 {[%emt 0:00:01]} 41. Qf3 {[%emt 0:00:03]} Rxg2+ {[%emt 0:00:42]} 42. Qxg2 {[%emt 0:00:02]} Qa1+ {[%emt 0:00:05]} 43. Kf2 {[%emt 0:00:10]} Qxc3 {[%emt 0:00:02]} 44. Qg5 {[%emt 0:00:09]} Qxd4+ {[%emt 0:00:02]} 45. Ke2 {[%emt 0:00:16]} Qc4+ {[%emt 0:00:02]} 46. Kf2 {[%emt 0:00:18]} Qc2+ {[%emt 0:00:18]} 47. Ke1 {[%emt 0:00:06]} Qc3+ {[%emt 0:00:09]} 48. Ke2 {[%emt 0:00:04]} Qc4+ {[%emt 0:00:02]} 49. Kf2 {[%emt 0:00:05]} Qc5+ {[%emt 0:00:02]} 50. Ke2 {[%emt 0:00:01]} Qf8 {[%emt 0:00:04]} 51. h4 {[%emt 0:00:08]} b6 {[%emt 0:00:54]} 52. h5 {[%emt 0:00:05]} a6 {[%emt 0:00:01]} 53. Kd3 {[%emt 0:00:02]} b5 {[%emt 0:00:01]} 54. axb5 {[%emt 0:00:02]} axb5 {[%emt 0:00:01]} 55. Kc3 {[%emt 0:00:17]} b4+ {[%emt 0:00:44]} 56. Kb3 {[%emt 0:00:01]} d4 {[%emt 0:00:00]} 57. Kc4 {[%emt 0:00:05]} Qc8+ {[%emt 0:00:23]} 58. Kxb4 {[%emt 0:00:09]} d3 {[%emt 0:00:08]} 59. Qe7 {[%emt 0:00:38]} Kg8 {[%emt 0:00:12]} 60. Kb5 {[%emt 0:00:23]} d2 {[%emt 0:00:16]} 61. h6 {[%emt 0:00:07]} Qb8+ {[%emt 0:00:01]} 62. Kc6 {[%emt 0:00:13]} Qf8 {[%emt 0:00:16]} 63. Qxe6+ {[%emt 0:00:23]} Kh8 {[%emt 0:00:03]} 64. Qd7 {[%emt 0:00:08]} Qxh6+ {[%emt 0:00:02]} 65. Kb5 {[%emt 0:00:09]} Qxf4 {[%emt 0:00:28]} 66. Qd8+ {[%emt 0:00:09]} Kg7 {[%emt 0:00:01]} 67. Qf6+ {[%emt 0:00:02]} Kg8 {[%emt 0:00:01]} 68. e6 {[%emt 0:00:08]} Qb8+ {[%emt 0:00:08]} 69. Ka6 {[%emt 0:00:24]} Qc8+ {[%emt 0:00:18]} 70. Kb6 {[%emt 0:00:06]} Qb8+ {[%emt 0:00:02]} 71. Ka6 {[%emt 0:00:02]} Qd6+ {[%emt 0:00:18]} 72. Kb7 {[%emt 0:00:12]} Qf8 {[%emt 0:00:12]} 73. e7 0-1

[Event "41st Nezhmetdinov Rapid 2019"]
[Site "Kazan"]
[Date "2019.05.29"]
[Round "3.6"]
[White "Yudin, Sergei"]
[Black "Kalegin, Evgenij"]
[Result "1-0"]
[WhiteElo "2507"]
[BlackElo "2418"]
[Annotator "TA"]
[PlyCount "58"]
[EventDate "2019.05.29"]
[EventType "swiss"]
[EventCountry "RUS"]
[SourceTitle "playchess.com"]
[Source "ChessBase"]
[SourceQuality "1"]

{[%evp 12,58,15,6,22,8,5,-2,49,38,40,56,42,44,41,24,61,9,46,34,58,56,52,41,46,34,41,39,36,30,70,73,79,76,76,98,404,415,387,395,379,377,447,360,342,339,415,404,383]} 1. e4 c5 2. Nf3 e6 3. g3 Nc6 4. Bg2 Nf6 5. Qe2 d6 6. O-O Be7 7. c3 e5 {C00: French: Unusual White 2nd moves} 8. Na3 O-O 9. Nc2 b6 (9... Re8 $11) (9... Re8 10. Rd1 Bf8 11. d3 b5 12. a4 b4 13. cxb4 cxb4 {0-1 (23) Vachier Lagrave,M (2795)-Grischuk,A (2750) chess.com INT 2017}) 10. d4 $14 cxd4 11. cxd4 a5 {next ...Ba6 is good for Black.} 12. Rd1 $146 ({Predecessor:} 12. Re1 Ba6 13. Qd1 Rc8 14. b4 axb4 15. d5 {0-1 (54) Raghavi,N (2113)-Popchev,M (2433) Varna 2013}) 12... Ba6 13. Qe1 {dxe5 is the strong threat.} Qc7 14. Be3 (14. Bg5 $14) 14... Rac8 15. Rac1 Qb8 16. d5 Na7 {[%cal Bc6a7,Ba7b5,Bb5a3][%mdl 32]} 17. Nh4 g6 18. f3 Nd7 19. Bh3 Rc7 20. b4 a4 21. Na3 $36 {[%mdl 2048] White is really pushing.} Nb5 22. Qf1 Nxa3 23. Qxa6 {[#] Black must now prevent Rxc7.} b5 $2 {[%mdl 8192]} (23... Nc2 $16 24. Rxc2 Rxc2) 24. Rxc7 $18 Qxc7 25. Qc6 Qxc6 26. dxc6 Nc4 27. Bxd7 Nxe3 28. Rc1 d5 29. c7 Nc4 {Accuracy: White = 52%, Black = 39%.} 1-0

[Event "41st Nezhmetdinov Rapid 2019"]
[Site "Kazan"]
[Date "2019.05.29"]
[Round "3.7"]
[White "Korovin, Mikhail"]
[Black "Khanin, Semen"]
[Result "0-1"]
[WhiteElo "2311"]
[BlackElo "2524"]
[Annotator "RC"]
[PlyCount "114"]
[EventDate "2019.05.29"]
[EventType "swiss"]
[EventCountry "RUS"]
[SourceTitle "playchess.com"]
[Source "ChessBase"]
[SourceQuality "1"]
[TimeControl "900+10"]

1. d4 {[%emt 0:00:00]} Nf6 {[%emt 0:00:00]} 2. Nf3 {[%emt 0:00:00]} g6 {[%emt 0:00:00]} 3. Nc3 {[%emt 0:00:11]} Bg7 {[%emt 0:00:25]} 4. e4 {[%emt 0:00:03]} d6 {[%emt 0:00:01]} 5. h3 {[%emt 0:00:37]} O-O {[%emt 0:00:05]} 6. Be3 {[%emt 0:00:05]} a6 {[%emt 0:00:11]} 7. a4 {[%emt 0:01:20]} Nc6 {[%emt 0:00:53]} 8. Qd2 {[%emt 0:00:25]} Re8 {[%emt 0:00:12]} 9. Rd1 {[%emt 0:00:10]} e5 {[%emt 0:00:40]} 10. d5 {[%emt 0:01:56]} Nd4 {[%emt 0:00:01]} 11. Be2 {[%emt 0:00:26]} Nxe2 {[%emt 0:01:49]} 12. Qxe2 {[%emt 0:00:02]} b5 {[%emt 0:00:46]} 13. axb5 {[%emt 0:01:19]} axb5 {[%emt 0:00:28]} 14. b4 {[%emt 0:00:09]} Bd7 {[%emt 0:01:33]} 15. O-O {[%emt 0:00:14]} Ra3 {[%emt 0:00:05]} 16. Nb1 {[%emt 0:03:44]} Ra4 {[%emt 0:00:15]} 17. Nc3 {[%emt 0:03:07]} Rxb4 {[%emt 0:00:12]} 18. Nd2 {[%emt 0:00:11]} Rb2 {[%emt 0:00:42]} 19. Rb1 {[%emt 0:00:06]} b4 {[%emt 0:00:14]} 20. Nb5 {[%emt 0:01:28]} Rxc2 {[%emt 0:03:05]} 21. Rxb4 {[%emt 0:00:06]} Nxe4 {[%emt 0:01:55]} 22. Rxe4 {[%emt 0:00:15]} f5 {[%emt 0:00:07]} 23. Rb4 {[%emt 0:01:03]} f4 {[%emt 0:00:02]} 24. Qd1 {[%emt 0:00:58]} Ra2 {[%emt 0:00:33]} 25. Qb1 {[%emt 0:00:14]} Ra8 {[%emt 0:01:34]} 26. Ne4 {[%emt 0:00:58]} fxe3 {[%emt 0:00:10]} 27. fxe3 {[%emt 0:00:01]} Rb8 {[%emt 0:00:58]} 28. Nbc3 {[%emt 0:00:01]} Rxb4 {[%emt 0:00:29]} 29. Qxb4 {[%emt 0:00:01]} Rf8 {[%emt 0:01:00]} 30. Rxf8+ {[%emt 0:00:06]} Bxf8 {[%emt 0:00:17]} 31. Qb7 {[%emt 0:00:06]} Bf5 {[%emt 0:00:30]} 32. g4 {[%emt 0:00:07]} Bd7 {[%emt 0:00:18]} 33. Kg2 {[%emt 0:00:29]} Bh6 {[%emt 0:00:09]} 34. Nb5 {[%emt 0:00:27]} Bxb5 {[%emt 0:00:23]} 35. Qxb5 {[%emt 0:00:01]} Bxe3 {[%emt 0:00:02]} 36. Qc6 {[%emt 0:00:17]} Kg7 {[%emt 0:00:09]} 37. Qb7 {[%emt 0:00:04]} h5 {[%emt 0:00:19]} 38. Kf3 {[%emt 0:00:08]} Bb6 {[%emt 0:00:16]} 39. Qc6 {[%emt 0:00:12]} Qf8+ {[%emt 0:00:06]} 40. Kg2 {[%emt 0:00:19]} hxg4 {[%emt 0:00:02]} 41. Qd7+ {[%emt 0:00:02]} Qf7 {[%emt 0:00:02]} 42. Qxf7+ {[%emt 0:00:14]} Kxf7 {[%emt 0:00:01]} 43. hxg4 {[%emt 0:00:02]} Ke7 {[%emt 0:00:01]} 44. Kf3 {[%emt 0:00:04]} c6 {[%emt 0:00:13]} 45. dxc6 {[%emt 0:00:22]} d5 {[%emt 0:00:01]} 46. Ng5 {[%emt 0:00:15]} Bc7 {[%emt 0:00:06]} 47. Ke3 {[%emt 0:00:10]} Bb6+ {[%emt 0:00:28]} 48. Kf3 {[%emt 0:00:03]} e4+ {[%emt 0:00:27]} 49. Kf4 {[%emt 0:00:15]} Bc7+ {[%emt 0:00:02]} 50. Ke3 {[%emt 0:00:02]} Kd6 {[%emt 0:00:01]} 51. Nf7+ {[%emt 0:00:04]} Kxc6 {[%emt 0:00:02]} 52. g5 {[%emt 0:00:08]} Bb6+ {[%emt 0:00:08]} 53. Kf4 {[%emt 0:00:05]} Bd4 {[%emt 0:00:01]} 54. Nd8+ {[%emt 0:00:33]} Kd7 {[%emt 0:00:02]} 55. Nf7 {[%emt 0:00:04]} Bb2 {[%emt 0:00:22]} 56. Kg4 {[%emt 0:00:12]} Ke7 {[%emt 0:00:04]} 57. Nh6 {[%emt 0:00:04]} Bg7 {[%emt 0:00:12]} 0-1

[Event "41st Nezhmetdinov Rapid 2019"]
[Site "Kazan"]
[Date "2019.05.29"]
[Round "3.8"]
[White "Ivanov, Andrew"]
[Black "Vallejo Pons, Francisco"]
[Result "1-0"]
[WhiteElo "2387"]
[BlackElo "2688"]
[Annotator "TA"]
[PlyCount "142"]
[EventDate "2019.05.29"]
[EventType "swiss"]
[EventCountry "RUS"]
[SourceTitle "playchess.com"]
[Source "ChessBase"]
[SourceQuality "1"]

{[%evp 12,142,43,15,11,2,1,-12,0,-16,-14,-21,-28,-22,-18,-26,-16,-32,-29,-52,-23,-39,-29,-18,-18,-26,-25,-26,6,-13,-13,-18,-11,-8,-8,-15,-21,-22,-22,-27,-40,-43,-44,-31,-22,-47,-23,-43,-26,-11,-8,-37,-38,-43,-39,-49,-39,-58,-45,-58,-63,-56,-48,-48,-50,-42,-34,-108,-97,-117,-106,-115,-114,-115,-115,-120,-120,-124,-97,-130,0,-113,-113,-152,-161,-166,-159,-264,-86,-218,0,-249,-249,-266,-182,-181,0,-255,-181,-168,-142,-148,-147,-117,-130,-125,-85,-259,-252,-279,-276,-254,-266,-256,-222,-398,-395,-503,-501,-495,-436,-601,-608,-591,-616,-752,-743,-717,-690,-1241,-1166,-1222,-1281]} 1. d4 d5 2. c4 dxc4 3. e3 Nf6 4. Bxc4 e6 5. Nf3 c5 6. O-O cxd4 7. Nxd4 Bc5 {D26: Queen's Gambit Accepted: 4 e3 e6 5 Bxc5 c5 sidelines} 8. a3 $146 (8. b3 {feels hotter.} O-O 9. Bb2 Qe7 10. Qf3 Rd8 11. Nc3) ({Predecessor:} 8. Nc3 O-O 9. Qe2 e5 10. Nb3 Bb6 11. Rd1 Qe7 12. Nd5 Nxd5 13. Bxd5 Nd7 14. e4 Nf6 15. Be3 {1-0 (35) Zhou,W (2591)-Vallejo Pons,F (2707) China 2018}) 8... O-O 9. b4 Bxd4 {The position is equal.} 10. exd4 Nc6 11. Be3 b6 12. Nc3 Bb7 13. Rc1 h6 14. Ba2 Ne7 15. Qd3 Qd7 16. Rfd1 Rfd8 17. f3 Ned5 18. Nxd5 Bxd5 19. Bb1 b5 20. Bf2 Bc4 21. Qc2 Rac8 22. Bh4 Bd5 23. Qb2 Rxc1 24. Rxc1 Bc4 25. Bxf6 gxf6 26. Rd1 Qd6 27. Qc2 Kf8 28. Qd2 Kg7 29. Qc2 Qf4 (29... f5 {is more complex.} 30. Qc3 Bd5 31. Bd3 a6 32. Bc2 Rd7) 30. Qe4 Qxe4 31. Bxe4 $11 {[%mdl 4096] Endgame KRB-KRB} f5 32. Bc2 Rc8 33. Kf2 Bd5 34. Bd3 a6 35. Ra1 Rc3 36. Ke2 Rb3 37. Bc2 $1 {[%cal Rc2b3]} Rb2 38. Kd3 Bb3 $1 39. Rc1 ({Better is} 39. Bxb3 $15 Rxb3+ 40. Kc2) 39... Bc4+ $1 $17 40. Kc3 Ra2 41. a4 Ra3+ 42. Kd2 Kf6 43. axb5 axb5 ({Don't do} 43... Bxb5 44. Re1 $15) 44. Re1 Ra2 45. Kc3 Ra3+ 46. Kd2 h5 47. Re3 Ra1 48. Re1 Ra2 49. Kc3 (49. h4 $17) 49... Ra3+ $2 (49... h4 $19 {has better winning chances. Threatens to win with ...h3!} 50. Re3 h3 $1 {[%mdl 512]} 51. gxh3 f4) 50. Kd2 (50. Kb2 $17 {only move.} Ra2+ 51. Kb1) 50... Ra2 51. Kc3 h4 52. f4 Bd5 53. Re2 Bc4 (53... Ra8 $142 54. Bd3 Ra3+ 55. Kd2 Rb3 56. Bxb5 {[#]} Bxg2 $1 {[%mdl 512]}) 54. Re1 $19 Ra8 55. Re3 Ra1 56. Rh3 Rg1 57. Rxh4 Rxg2 58. Bd3 Rg1 59. Bc2 $2 (59. Rh6+ $17 Ke7 60. Rh8) 59... Rf1 60. Kd2 Rf2+ 61. Kc3 Rf3+ 62. Kd2 Kg7 63. Bd1 $2 (63. d5 {might work better.}) 63... Rd3+ {[%mdl 64] Double Attack} 64. Kc2 Rxd4 {Black is clearly winning.} 65. Bf3 {[#]} e5 $1 {[%mdl 512]} 66. Bb7 (66. fxe5 Rxh4) 66... Be6 67. Ba6 Rxb4 68. Kc3 Rc4+ 69. Kd2 Rd4+ 70. Ke3 b4 {[%cal Bb5b4,Bb4b3][%mdl 32]} 71. Bd3 b3 {[%mdl 32768] Accuracy: White = 39%, Black = 69%. . Loss on time!?} 1-0

[Event "41st Nezhmetdinov Rapid 2019"]
[Site "Kazan"]
[Date "2019.05.29"]
[Round "3.9"]
[White "Tsydypov, Zhamsaran"]
[Black "Tsoi, Dmitry"]
[Result "1-0"]
[WhiteElo "2546"]
[BlackElo "2317"]
[Annotator "RC"]
[PlyCount "76"]
[EventDate "2019.05.29"]
[EventType "swiss"]
[EventCountry "RUS"]
[SourceTitle "playchess.com"]
[Source "ChessBase"]
[SourceQuality "1"]
[TimeControl "900+10"]

1. e4 {[%emt 0:00:00]} e5 {[%emt 0:00:00]} 2. Nf3 {[%emt 0:00:00]} d6 {[%emt 0:00:00]} 3. Bc4 {[%emt 0:00:20]} Be7 {[%emt 0:00:00]} 4. d4 {[%emt 0:00:04]} exd4 {[%emt 0:00:00]} 5. Nxd4 {[%emt 0:00:02]} Nf6 {[%emt 0:00:00]} 6. Nc3 {[%emt 0:00:07]} O-O {[%emt 0:00:01]} 7. O-O {[%emt 0:00:23]} Nc6 {[%emt 0:00:02]} 8. h3 {[%emt 0:00:15]} Bd7 {[%emt 0:00:04]} 9. Re1 {[%emt 0:00:06]} Nxd4 {[%emt 0:00:06]} 10. Qxd4 {[%emt 0:00:02]} Bc6 {[%emt 0:00:01]} 11. a4 {[%emt 0:00:13]} Nd7 {[%emt 0:00:07]} 12. Nd5 {[%emt 0:00:06]} Bf6 {[%emt 0:00:31]} 13. Qd1 {[%emt 0:01:16]} Bxd5 {[%emt 0:00:13]} 14. Bxd5 {[%emt 0:00:16]} c6 {[%emt 0:00:01]} 15. Bc4 {[%emt 0:00:13]} Qc7 {[%emt 0:00:02]} 16. c3 {[%emt 0:00:08]} Rfe8 {[%emt 0:00:10]} 17. a5 {[%emt 0:00:07]} b5 {[%emt 0:00:06]} 18. axb6 {[%emt 0:00:20]} axb6 {[%emt 0:00:04]} 19. Rxa8 {[%emt 0:00:10]} Rxa8 {[%emt 0:00:02]} 20. Bf4 {[%emt 0:00:21]} Be5 {[%emt 0:00:11]} 21. Be3 {[%emt 0:00:06]} b5 {[%emt 0:00:05]} 22. Be2 {[%emt 0:00:32]} g6 {[%emt 0:01:15]} 23. f4 {[%emt 0:00:13]} Bg7 {[%emt 0:00:14]} 24. Bf3 {[%emt 0:00:02]} Nb6 {[%emt 0:01:41]} 25. Bd4 {[%emt 0:00:01]} Bxd4+ {[%emt 0:01:06]} 26. cxd4 {[%emt 0:00:51]} d5 {[%emt 0:01:09]} 27. e5 {[%emt 0:00:05]} Ra2 {[%emt 0:00:40]} 28. f5 {[%emt 0:00:35]} Rxb2 {[%emt 0:01:24]} 29. f6 {[%emt 0:04:07]} Nc4 {[%emt 0:00:44]} 30. Qa1 {[%emt 0:00:12]} Qb8 {[%emt 0:02:11]} 31. e6 {[%emt 0:00:36]} fxe6 {[%emt 0:00:02]} 32. Rxe6 {[%emt 0:00:02]} Rb3 {[%emt 0:01:32]} 33. Qe1 {[%emt 0:00:14]} Kf8 {[%emt 0:02:27]} 34. Qh4 {[%emt 0:01:51]} h5 {[%emt 0:02:52]} 35. Qg5 {[%emt 0:02:03]} Rb1+ {[%emt 0:00:14]} 36. Kf2 {[%emt 0:00:00]} Qh2 {[%emt 0:00:23]} 37. Qxg6 {[%emt 0:01:10]} Rb2+ {[%emt 0:00:02]} 38. Re2 {[%emt 0:00:05]} Rxe2+ 1-0

[Event "41st Nezhmetdinov Rapid 2019"]
[Site "Kazan"]
[Date "2019.05.29"]
[Round "3.10"]
[White "Gusarov, Grigory"]
[Black "Pridorozhni, Aleksei"]
[Result "0-1"]
[WhiteElo "2354"]
[BlackElo "2588"]
[Annotator "TA"]
[PlyCount "66"]
[EventDate "2019.05.29"]
[EventType "swiss"]
[EventCountry "RUS"]
[SourceTitle "playchess.com"]
[Source "ChessBase"]
[SourceQuality "1"]

{[%evp 21,66,25,45,19,25,7,16,-6,-5,-11,-5,-23,-9,-23,-11,-23,-19,-33,-10,-18,0,0,-14,-17,14,0,0,0,0,-36,0,-32,-25,-31,-50,-329,-338,-350,-342,-307,-241,-400,-46,-346,-352,-29978,-29948]} 1. d4 e6 2. c4 f5 3. g3 Nf6 4. Bg2 c6 5. Nf3 d5 6. b3 Bd6 7. O-O Qe7 8. a4 O-O 9. Ba3 Ne4 10. Bxd6 Qxd6 11. Qc2 Nd7 12. Nc3 {A90: Dutch Defence: Miscellaneous and Modern Stonewall (with ...Bd6)} a5 13. Nd2 (13. Rad1 b6 14. Nxe4 fxe4 15. Ng5 Nf6 16. f3 exf3 17. Rxf3 {1-0 (28) Roth,J (2219)-Wunder,F (2054) Wuerttemberg 2017}) 13... b6 $146 ({Predecessor:} 13... Ndf6 14. Ndxe4 dxe4 15. Rad1 Bd7 16. f3 exf3 17. exf3 {1-0 (69) Majer,J (2026)-Bartosova,L (1959) Brno 2012}) 14. cxd5 {The position is equal.} exd5 15. Rac1 {[%cal Rc3e4]} Bb7 16. Nf3 Rae8 17. e3 h6 18. Ne2 g5 19. Ne1 Ba6 20. Nd3 c5 21. dxc5 bxc5 22. Rfd1 Rc8 23. Nb2 Qe6 $36 {[%mdl 2048] Black has the initiative.} 24. Nc3 Ndf6 25. Bh3 Rfd8 26. Nb5 Ng4 27. Bxg4 fxg4 28. Nd3 $2 {[%mdl 8192] [#]} (28. Nc3 $15) 28... c4 $19 29. bxc4 dxc4 30. Ne1 {next Nc7! is good for White.} Rxd1 31. Rxd1 $2 (31. Qxd1 {is the only way for White.} Rf8 32. Rc2) 31... Bb7 $2 (31... Bxb5 $19 32. Rd4 Bc6 33. Qxc4 Qxc4 34. Rxc4 Kg7) 32. Rd4 $2 {[%mdl 8192]} ({White has to play} 32. Nd4 $15 Qf7 33. f3 gxf3 34. Nexf3) 32... Rf8 33. Rxc4 $2 {[#]} (33. Qxc4 $19 Qxc4 34. Rxc4 Nxf2 35. Kf1 Ne4+ 36. Ke2 Rf2+ 37. Kd1) 33... Nxf2 {[%mdl 64] Discovered Attack. Accuracy: White = 20%, Black = 43%.} 0-1